| 000 | 01108namaa22003131i 4500 | ||
|---|---|---|---|
| 003 | EG-GICUC | ||
| 005 | 20250508122604.0 | ||
| 008 | 250508s2000 mr ||||jr|||| 000 0 ara d | ||
| 040 |
_aEG-GiCUC _bara _cEG-GiCUC _dEG-GiCUC _erda |
||
| 043 | _ama----- | ||
| 082 | 0 | 4 |
_221 _a303.48 _bH2551 |
| 092 | 0 | 4 |
_221 _a303.48 _bH2551 |
| 099 | _a303.48 H2551 | ||
| 100 | 1 |
_aحرب، على _eمؤلف. |
|
| 245 | 1 |
_aحديث النهايات : _bفتوحات العولمة ومآزق الهوية / _cعلى حرب |
|
| 250 | _aالطبعة الاولى | ||
| 264 |
_aالدار البيضاء : _bالمركز الثقافى العربى، _c2000 |
||
| 300 |
_a؛ 203 صفحة _c24 سم |
||
| 336 |
_2rdacontent _atext |
||
| 337 |
_2rdamedia _aUnmediated |
||
| 338 |
_2rdacarrier _avolume |
||
| 504 | _aيشتمل على ارجاعات ببليوجرافية | ||
| 541 |
_aد. جابر عصفور ؛ _bالقاهرة ؛ _cإهداء ؛ _d2024. |
||
| 650 | 1 | 7 |
_aالعولمة _zالعالم العربى _2qrmak |
| 650 | 1 | 7 |
_aالهوية _2qrmak |
| 651 | 1 | _2qrmak | |
| 905 | _aHuda | ||
| 942 |
_2ddc _cBK _e21 _n0 |
||
| 999 |
_c171963 _d171963 |
||